LEADER 00780nam0-22002771i-450- 001 990005391990403321 005 20090717125647.0 035 $a000539199 035 $aFED01000539199 035 $a(Aleph)000539199FED01 035 $a000539199 100 $a19990604d1965----km-y0itay50------ba 101 0 $aeng 105 $aa-------00--- 200 1 $aConstantinople$eiconography of a Sacred city$fPhilip Sherrard 210 $aLondon$cOxford University Press$d1965 215 $a139 p.$cill.$d30 cm 676 $a704.94$v22$zita 700 1$aSherrard,$bPhilip$0390152 801 0$aIT$bUNINA$gRICA$2UNIMARC 901 $aBK 912 $a990005391990403321 952 $a704.9 SHE 1$bANT. G.R. 713$fFLFBC 959 $aFLFBC 996 $aConstantinople$9595194 997 $aUNINA LEADER 01217nam0-2200361---450 001 990009380930403321 005 20250321125046.0 035 $a000938093 035 $aFED01000938093 035 $a(Aleph)000938093FED01 100 $a20110617d1888----km-y0itay50------ba 101 0 $afre 102 $aFR 105 $aa-------001yy 200 1 $aNouveaux èlèments de physiologie humaine comprenant les principes de la physiologie comparée et de la physiologie générale$fpar H. Beaunis 210 $aParis$cBailliere$d1888 215 $a2 v.$cill.$d21 cm 610 0 $aFisiologia umana 676 $a612$v23$zita 700 1$aBeaunis,$bHenri-Etienne$0177467 801 0$aIT$bUNINA$gRICA$2UNIMARC 901 $aBK 912 $a990009380930403321 952 $aDep C 22.1$b902$fDMVSF 952 $aDep C 22.2$b903$fDMVSF 952 $aDep C 22.1bis$b1751$fDMVSF 952 $aDep C 22.2bis$b1752$fDMVSF 952 $aA BOT 737-1$b03/2338/25$fFAGBC 952 $aA BOT 737-2$b03/2339/25$fFAGBC 959 $aDMVSF 959 $aFAGBC 996 $aNouveaux èlèments de physiologie humaine comprenant les principes de la physiologie comparée et de la physiologie générale$9763290 997 $aUNINA LEADER 02336nas 2200649-a 450 001 9910138874003321 005 20250919110510.0 011 $a1615-5939 035 $a(CKB)954933110362 035 $a(OCoLC)60637749 035 $a(CONSER)sn-92003845- 035 $a(DE-599)ZDB1473156-3 035 $a(DE-599)1473156-3 035 $a(EXLCZ)99954933110362 100 $a19920131a19929999 --- a 101 0 $aeng 181 $ctxt$2rdacontent 182 $cc$2rdamedia 183 $acr$2rdacarrier 200 04$aThe International journal of angiology $eofficial publication of the International College of Angiology, Inc 210 $aNesconset, N.Y. $cEast End Press, Inc.$d©1992- 210 3 $aNew York, N.Y. $cThieme Medical Publishers 215 $a1 online resource 300 $aTitle from cover. 300 $aPublished: New York : Springer Verlag New York, Inc., <1994-> 300 $aPublished: Oakville, Ont. : Pulsus Group, <-2010> 300 $aRefereed/Peer-reviewed 311 08$aPrint version: The International journal of angiology : 1061-1711 (DLC)sn 92003845 (OCoLC)25198667 517 $aInternational Journal of Angiology (Springer Science & Business Media B.V.) 517 $aThe International Journal of Angiology 517 1 $aIJA 531 $aTHE INTERNATIONAL JOURNAL OF ANGIOLOGY 531 $aINTERNATIONAL JOURNAL OF ANGIOLOGY 531 $aINT J ANGIOL 531 $aINTERNATIONAL JOURNAL OF ANGIOLOGY : OFFICIAL PUBLICATION OF THE INTERNATIONAL COLLEGE OF ANGIOLOGY, INC 531 0 $aInt. j. angiol. 606 $aBlood-vessels$vPeriodicals 606 $aBlood-vessels$xDiseases$vPeriodicals 606 $aBlood Vessels 606 $aVascular Diseases 606 $aSistema cardiovascular$2thub 606 $aMalalties vasculars$2thub 608 $aPeriodical. 608 $aRevistes electròniques.$2thub 615 0$aBlood-vessels 615 0$aBlood-vessels$xDiseases 615 2$aBlood Vessels. 615 2$aVascular Diseases. 615 7$aSistema cardiovascular 615 7$aMalalties vasculars 676 $a616 712 02$aInternational College of Angiology. 906 $aJOURNAL 912 $a9910138874003321 920 $aexl_impl conversion 996 $aThe International journal of angiology$92350012 997 $aUNINA